header

The Trinity (Record no. 70166)

MARC details
000 -LEADER
fixed length control field 01254nam a2200325Ia 4500
082 04 - DEWEY DECIMAL CLASSIFICATION NUMBER
Classification number 231/.04409
100 1# - MAIN ENTRY--AUTHOR NAME
Personal name Ormerod, Neil.
245 14 - TITLE STATEMENT
Title The Trinity
260 ## - PUBLICATION, DISTRIBUTION, ETC. (IMPRINT)
Place of publication Milwaukee, Wis. :
Name of publisher Marquette University Press,
Year of publication 2005.
300 ## - PHYSICAL DESCRIPTION
Number of Pages 175 p.
490 1# - SERIES STATEMENT
Series statement Marquette studies in theology ;
650 #0 - SUBJECT ADDED ENTRY--TOPICAL TERM
Topical Term Trinity
Topical Term Theology, Doctrinal.
856 40 - ELECTRONIC LOCATION AND ACCESS
Uniform Resource Identifier http://site.ebrary.com/lib/rucke/Doc?id=10089710

No items available.

© 2026 Rongo University
Contact us: librarian | system librarian | Rongo university